000
00331 a2200145 4500
001
181468
020
_a
040
_c
Magnum
100
_a
Miotto, Antonio
240
1
0
_a
Como responder aos seus filhos
_l
por
245
1
0
_a
Como responder aos seus filhos
362
0
_a
1899
697
_a
MAGNITO: EDUCACAO FAMILIAR
942
_c
BK
999
_c
181468
_d
181468